[Event "Anapa Sea Harbor Cup Rapid"]
[Site "Anapa"]
[Date "2021.06.12"]
[Round "8"]
[White "Smirnov, Pavel"]
[Black "Turova, Irina"]
[Result "1-0"]
[WhiteElo "2544"]
[BlackElo "2381"]
[PlyCount "129"]
[EventDate "2021.06.11"]
[EventType "swiss (rapid)"]
[EventRounds "9"]
[EventCountry "RUS"]
[SourceTitle "CBM 202 Extra"]
[Source "ChessBase"]
[SourceDate "2021.07.31"]
[SourceVersion "1"]
[SourceVersionDate "2021.07.31"]
[SourceQuality "1"]

1. d4 Nf6 2. c4 e6 3. Nf3 Bb4+ 4. Nbd2 d6 5. a3 Bxd2+ 6. Qxd2 Qe7 7. b4 Ne4 8. Qc2 f5 9. e3 b6 10. Be2 Bb7 11. 0-0 0-0 12. Bb2 Nd7 13. Nd2 Ndf6 14. f3 Nxd2 15. Qxd2 a5 16. Rfc1 axb4 17. axb4 Rxa1 18. Rxa1 Ra8 19. Rxa8+ Bxa8 20. Qc1 Bb7 21. Qa1 Qe8 22. Bc3 Qa8 23. Qxa8+ Bxa8 24. h3 Kf7 25. Kf2 Bb7 26. Bd3 Ba6 27. Ke2 Nd7 28. Be1 g5 29. g4 fxg4 30. hxg4 h6 31. Bg3 Bb7 32. Bh2 Ba6 33. Bg3 Bb7 34. Bf2 Ba6 35. Bg1 Bb7 36. Bh2 Ba6 37. Kd2 Bb7 38. Be2 Ba6 39. Kc3 Nf6 40. Kd2 Nd7 41. Bg3 Bb7 42. Kc3 Ba6 43. Kd2 Bb7 44. Bd1 Ke7 45. Bh2 Nf6 46. e4 Nd7 47. Ba4 Ba6 48. Kc3 c5 49. dxc5 dxc5 50. Bc7 cxb4+ 51. Kxb4 Nc5 52. Bc6 Bc8 53. Kb5 Nd3 54. Kxb6 e5 55. c5 Ne1 56. Bxe5 Nxf3 57. Bd6+ Kd8 58. e5 Bxg4 59. Bb7 h5 60. c6 Nd4 61. c7+ Ke8 62. Bc5 Ne2 63. Bc6+ Kf7 64. Bd5+ Ke8 65. e6 1-0

[Event "Speed Chess (Women) Q4"]
[Site "Chess.com INT"]
[Date "2020.06.21"]
[Round "8"]
[White "Eswaran, Ashritha"]
[Black "Turova, Irina"]
[Result "1/2-1/2"]
[WhiteElo "2244"]
[BlackElo "2381"]
[PlyCount "69"]
[EventDate "2020.06.21"]
[EventType "swiss (blitz)"]
[EventRounds "9"]
[EventCountry "USA"]
[SourceTitle "CBM 196 Extra"]
[Source "ChessBase"]
[SourceDate "2020.07.31"]
[SourceVersion "1"]
[SourceVersionDate "2020.07.31"]
[SourceQuality "1"]

1. e4 e5 2. Nf3 Nc6 3. Bc4 Bc5 4. 0-0 d6 5. d3 Nf6 6. c3 a6 7. a4 Ba7 8. a5 h6 9. b4 0-0 10. Nbd2 Ne7 11. Bb3 Ng6 12. Nc4 Nf4 13. Be3 Bg4 14. Bxf4 exf4 15. Re1 d5 16. Nce5 Bh5 17. Qc2 dxe4 18. dxe4 Qe7 19. Qa2 Rad8 20. c4 Qxb4 21. Rab1 Qc5 22. Bd1 Rfe8 23. Qb2 b6 24. Ba4 Re6 25. Rbd1 Rxd1 26. Rxd1 bxa5 27. Bd7 Nxd7 28. Nxd7 Qxc4 29. Qb7 Rd6 30. Qc8+ Kh7 31. Nf8+ Kg8 32. Ng6+ Kh7 33. Nf8+ Kg8 34. Ne6+ Kh7 35. Nf8+ 1/2-1/2

[Event "Speed Chess (Women) Q4"]
[Site "Chess.com INT"]
[Date "2020.06.21"]
[Round "2"]
[White "Tarasenka, Aliaksandra"]
[Black "Turova, Irina"]
[Result "1-0"]
[WhiteElo "2070"]
[BlackElo "2381"]
[PlyCount "145"]
[EventDate "2020.06.21"]
[EventType "swiss (blitz)"]
[EventRounds "9"]
[EventCountry "USA"]
[SourceTitle "CBM 196 Extra"]
[Source "ChessBase"]
[SourceDate "2020.07.31"]
[SourceVersion "1"]
[SourceVersionDate "2020.07.31"]
[SourceQuality "1"]

1. e4 e5 2. f4 d5 3. exd5 exf4 4. Bc4 Nf6 5. Nc3 Be7 6. Nf3 0-0 7. 0-0 Nbd7 8. d4 Nb6 9. Bd3 Nfxd5 10. Nxd5 Nxd5 11. c4 Ne3 12. Bxe3 fxe3 13. Qe2 Bg5 14. Nxg5 Qxg5 15. Rf3 Bg4 16. Qxe3 Qxe3+ 17. Rxe3 c6 18. Re7 Rad8 19. Rxb7 Rxd4 20. Bf1 Rd7 21. Rxd7 Bxd7 22. Rd1 Be6 23. Rd6 Rc8 24. c5 Kf8 25. Ba6 Rc7 26. a3 Ke7 27. b4 Bb3 28. Kf2 Ba4 29. Ke3 f6 30. Kf4 Bb3 31. Bd3 Kf7 32. h4 Bd5 33. g4 g6 34. g5 fxg5+ 35. hxg5 Kg7 36. Ke5 Re7+ 37. Kd4 Bg2 38. Rf6 Rd7+ 39. Kc3 Rd5 40. Bc4 Rxg5 41. Rf7+ Kh6 42. Rxa7 Rg3+ 43. Kb2 Be4 44. a4 g5 45. b5 cxb5 46. axb5 Rg2+ 47. Kc3 g4 48. c6 g3 49. c7 Bf5 50. Be6 Bxe6 51. Ra6 Re2 52. Rxe6+ Rxe6 53. c8Q g2 54. Qxe6+ Kg5 55. Qe1 Kf4 56. Qg1 Kf3 57. Kd2 h5 58. Qe3+ Kg4 59. Qf2 Kh3 60. b6 Kh2 61. b7 Kh1 62. b8Q g1Q 63. Qxg1+ Kxg1 64. Qg3+ Kh1 65. Qh4+ Kg2 66. Qxh5 Kg3 67. Qe5+ Kf3 68. Qf5+ Kg2 69. Ke2 Kg3 70. Qf3+ Kh2 71. Qg4 Kh1 72. Kf2 Kh2 73. Qg2# 1-0

[Event "Speed Chess (Women) Q4"]
[Site "Chess.com INT"]
[Date "2020.06.21"]
[Round "9"]
[White "Turova, Irina"]
[Black "Narva, Mai"]
[Result "1/2-1/2"]
[WhiteElo "2381"]
[BlackElo "2333"]
[PlyCount "57"]
[EventDate "2020.06.21"]
[EventType "swiss (blitz)"]
[EventRounds "9"]
[EventCountry "USA"]
[SourceTitle "CBM 196 Extra"]
[Source "ChessBase"]
[SourceDate "2020.07.31"]
[SourceVersion "1"]
[SourceVersionDate "2020.07.31"]
[SourceQuality "1"]

1. d4 Nf6 2. c4 g6 3. Nc3 d5 4. Bg5 Bg7 5. Bxf6 Bxf6 6. cxd5 c6 7. Rc1 cxd5 8. Nxd5 Nc6 9. Nxf6+ exf6 10. e3 0-0 11. Bc4 Na5 12. Bd3 Be6 13. b3 Qd5 14. Nf3 f5 15. Rc5 Qd8 16. 0-0 Nc6 17. Qd2 Qb6 18. Rfc1 Rad8 19. Rb5 Qc7 20. Ne5 Bd5 21. Nxc6 bxc6 22. Rbc5 Qe7 23. Qc3 Qg5 24. Bf1 Rfe8 25. b4 f4 26. exf4 Qxf4 27. Bc4 Bxc4 28. Rxc4 Re2 29. Qg3 1/2-1/2

[Event "Hell op"]
[Site "Hell"]
[Date "2019.08.11"]
[Round "10"]
[White "Turova, Irina"]
[Black "Oye Stromberg, Alexander"]
[Result "1/2-1/2"]
[WhiteElo "2404"]
[BlackElo "1939"]
[PlyCount "89"]
[EventDate "2019.08.03"]
[EventType "swiss"]
[EventRounds "10"]
[EventCountry "NOR"]
[SourceTitle "CBM 191 Extra"]
[Source "ChessBase"]
[SourceDate "2019.09.30"]
[SourceVersion "1"]
[SourceVersionDate "2019.09.30"]
[SourceQuality "1"]

1. d4 Nf6 2. Nf3 g6 3. g3 c5 4. c3 Bg7 5. Bg2 0-0 6. 0-0 d5 7. Be3 Nc6 8. dxc5 e5 9. Na3 Be6 10. h3 Qe7 11. Nb5 Ne4 12. Nd6 Nxd6 13. cxd6 Qxd6 14. Ng5 Rad8 15. Nxe6 fxe6 16. Qa4 Qc7 17. Rad1 Kh8 18. h4 e4 19. Bh3 Qd6 20. Kg2 Rd7 21. f3 Rdf7 22. Qxe4 Ne5 23. Qc2 Nc4 24. Bf2 Qc6 25. Qc1 Ne5 26. Bd4 Qa6 27. Rf2 Re8 28. a3 Nc6 29. Bxg7+ Rxg7 30. b3 Qb5 31. Qb2 a5 32. a4 Qb6 33. e4 dxe4 34. fxe4 Ne5 35. c4 Qc7 36. Qc3 h6 37. Rf6 Kh7 38. Bxe6 Rge7 39. Bd5 Rg7 40. Rdf1 Qc5 41. R6f4 h5 42. R1f2 Ng4 43. Rf7 Reg8 44. R2f3 Qa3 45. Qc2 1/2-1/2

[Event "Hell op"]
[Site "Hell"]
[Date "2019.08.09"]
[Round "8"]
[White "Turova, Irina"]
[Black "Korpa, Bence"]
[Result "0-1"]
[WhiteElo "2404"]
[BlackElo "2530"]
[PlyCount "108"]
[EventDate "2019.08.03"]
[EventType "swiss"]
[EventRounds "10"]
[EventCountry "NOR"]
[SourceTitle "CBM 191 Extra"]
[Source "ChessBase"]
[SourceDate "2019.09.30"]
[SourceVersion "1"]
[SourceVersionDate "2019.09.30"]
[SourceQuality "1"]

1. d4 Nf6 2. Nf3 e6 3. c4 d5 4. Nc3 c5 5. cxd5 Nxd5 6. e4 Nxc3 7. bxc3 cxd4 8. cxd4 Bb4+ 9. Bd2 Bxd2+ 10. Qxd2 0-0 11. Bc4 b6 12. 0-0 Bb7 13. Rfe1 Nd7 14. Rad1 Rc8 15. Bb3 Qf6 16. Bc2 Rfd8 17. Bb1 Nf8 18. Ne5 Rc7 19. Qb2 Qe7 20. Rd2 Qd6 21. Red1 Rdc8 22. Rc2 Rxc2 23. Bxc2 h6 24. f3 Nd7 25. Nxd7 Qxd7 26. Bb3 Qd6 27. d5 exd5 28. exd5 Re8 29. Qd2 Re5 30. Qd3 Qc5+ 31. Kh1 Qf2 32. h3 Re2 33. Rg1 Bc8 34. Kh2 Bxh3 35. Qxe2 Qxe2 36. Kxh3 Qe5 37. Rd1 Qd6 38. g4 Kf8 39. Re1 g6 40. Kg2 h5 41. gxh5 gxh5 42. Re4 b5 43. a4 Qa3 44. d6 Qxd6 45. axb5 Qd2+ 46. Kg3 Qg5+ 47. Kh3 Qxb5 48. Ba4 Qg5 49. Bd7 a5 50. Ba4 Kg7 51. Bd7 Qd5 52. Ba4 f5 53. Rf4 Kf6 54. Bc2 Kg5 0-1

[Event "Hell op"]
[Site "Hell"]
[Date "2019.08.08"]
[Round "7"]
[White "Lund, Terje"]
[Black "Turova, Irina"]
[Result "0-1"]
[WhiteElo "2087"]
[BlackElo "2404"]
[PlyCount "49"]
[EventDate "2019.08.03"]
[EventType "swiss"]
[EventRounds "10"]
[EventCountry "NOR"]
[SourceTitle "CBM 191 Extra"]
[Source "ChessBase"]
[SourceDate "2019.09.30"]
[SourceVersion "1"]
[SourceVersionDate "2019.09.30"]
[SourceQuality "1"]

1. Nf3 Nf6 2. c4 e6 3. g3 a6 4. Bg2 b5 5. b3 Bb7 6. Nc3 Bb4 7. Bb2 0-0 8. 0-0 d6 9. d4 Nbd7 10. Qc2 bxc4 11. bxc4 c5 12. d5 Rb8 13. dxe6 fxe6 14. Bh3 Re8 15. Rfd1 Qe7 16. Ng5 Nf8 17. Rab1 d5 18. Bxe6+ Nxe6 19. Nxd5 Bxd5 20. Nxh7 Nxh7 21. Rxd5 Nf6 22. Be5 Nxd5 23. Bxb8 Nc3 24. e3 Nxb1 25. Qxb1 0-1

[Event "Hell op"]
[Site "Hell"]
[Date "2019.08.04"]
[Round "2"]
[White "Turov, Maxim"]
[Black "Turova, Irina"]
[Result "1/2-1/2"]
[WhiteElo "2575"]
[BlackElo "2404"]
[PlyCount "25"]
[EventDate "2019.08.03"]
[EventType "swiss"]
[EventRounds "10"]
[EventCountry "NOR"]
[SourceTitle "CBM 191 Extra"]
[Source "ChessBase"]
[SourceDate "2019.09.30"]
[SourceVersion "1"]
[SourceVersionDate "2019.09.30"]
[SourceQuality "1"]

1. e4 Nf6 2. e5 Nd5 3. d4 d6 4. Nf3 dxe5 5. Nxe5 Nd7 6. Nf3 Nb8 7. Ne5 Nd7 8. Nxf7 Kxf7 9. Qh5+ Ke6 10. Qe2+ Kf7 11. Qh5+ Ke6 12. Qg4+ Kf7 13. Qh5+ 1/2-1/2

[Event "Vaujany op 10th"]
[Site "Vaujany"]
[Date "2019.07.12"]
[Round "2"]
[White "Turova, Irina"]
[Black "O'Gorman, Alice"]
[Result "1-0"]
[WhiteElo "2418"]
[BlackElo "1959"]
[PlyCount "73"]
[EventDate "2019.07.11"]
[EventType "swiss"]
[EventRounds "9"]
[EventCountry "FRA"]
[SourceTitle "EXT 2020"]
[Source "ChessBase"]
[SourceDate "2019.10.17"]
[SourceVersion "1"]
[SourceVersionDate "2019.10.17"]
[SourceQuality "1"]

1. d4 d5 2. c4 e6 3. Nc3 Nf6 4. cxd5 exd5 5. Bg5 Be7 6. e3 c6 7. Bd3 Nbd7 8. Qc2 Nh5 9. Bxe7 Qxe7 10. Nge2 g6 11. 0-0 0-0 12. Rae1 Ng7 13. Nc1 Nf6 14. f3 Nf5 15. Qf2 Qd8 16. h3 Re8 17. e4 Ng7 18. N1e2 Ne6 19. e5 Nh5 20. f4 Nhg7 21. g4 c5 22. dxc5 d4 23. Ne4 Kh8 24. b4 a5 25. b5 Rf8 26. Kh2 Ne8 27. f5 Ng5 28. Qxd4 Qxd4 29. Nxd4 Nxe4 30. Bxe4 gxf5 31. gxf5 Nc7 32. a4 Rb8 33. Nf3 Kg8 34. Rg1+ Kh8 35. Rd1 Re8 36. Ng5 Rf8 37. Nxf7+ 1-0

[Event "La Palma Island op"]
[Site "Santa Cruz de La Palma"]
[Date "2018.08.12"]
[Round "4"]
[White "Molina Rodriguez, Borja"]
[Black "Turova, Irina"]
[Result "0-1"]
[WhiteElo "2144"]
[BlackElo "2422"]
[PlyCount "34"]
[EventDate "2018.08.10"]
[EventType "swiss"]
[EventRounds "10"]
[EventCountry "ESP"]
[SourceTitle "CBM 186 Extra"]
[Source "ChessBase"]
[SourceDate "2018.08.24"]
[SourceVersion "1"]
[SourceVersionDate "2018.08.24"]
[SourceQuality "1"]

1. e4 e5 2. Nf3 Nc6 3. Bc4 Bc5 4. 0-0 d6 5. c3 Nf6 6. d3 h6 7. Nbd2 0-0 8. Bb3 b5 9. a4 b4 10. Nc4 bxc3 11. bxc3 Rb8 12. h3 Be6 13. Ba2 a6 14. d4 Nxe4 15. Qd3 Nxc3 16. Qxc3 Nxd4 17. Kh2 Bb4 0-1

[Event "La Palma Island op"]
[Site "Santa Cruz de La Palma"]
[Date "2018.08.12"]
[Round "3"]
[White "Turova, Irina"]
[Black "Hernandez Leon, Alberto"]
[Result "1/2-1/2"]
[WhiteElo "2422"]
[BlackElo "2211"]
[PlyCount "55"]
[EventDate "2018.08.10"]
[EventType "swiss"]
[EventRounds "10"]
[EventCountry "ESP"]
[SourceTitle "CBM 186 Extra"]
[Source "ChessBase"]
[SourceDate "2018.08.24"]
[SourceVersion "1"]
[SourceVersionDate "2018.08.24"]
[SourceQuality "1"]

1. d4 Nf6 2. c4 c5 3. d5 e6 4. Nc3 exd5 5. cxd5 d6 6. Nf3 g6 7. Bf4 a6 8. a4 Bg7 9. h3 0-0 10. e3 Qe7 11. Be2 Nbd7 12. 0-0 Ne8 13. Nd2 Ne5 14. a5 Rb8 15. Na4 Bd7 16. Nb6 Bb5 17. Ne4 h6 18. Nc3 Bxe2 19. Qxe2 g5 20. Bh2 f5 21. Ra4 Rd8 22. Qc2 Nc7 23. Rd1 Nb5 24. Ne2 Nd7 25. Nc4 Ne5 26. b3 Rf7 27. Rf1 Rdf8 28. Qd2 1/2-1/2

[Event "EU-ch blitz (Women)"]
[Site "Monte Carlo"]
[Date "2017.10.23"]
[Round "7"]
[White "Doluhanova, Evgeniya"]
[Black "Turova, Irina"]
[Result "1/2-1/2"]
[WhiteElo "2328"]
[BlackElo "2422"]
[PlyCount "104"]
[EventDate "2017.10.23"]
[EventType "swiss (blitz)"]
[EventRounds "13"]
[EventCountry "MNC"]
[SourceTitle "CBM 181 Extra"]
[Source "ChessBase"]
[SourceDate "2017.12.12"]
[SourceVersion "1"]
[SourceVersionDate "2017.12.12"]
[SourceQuality "1"]

1. e4 e5 2. Nf3 Nc6 3. Nc3 Nf6 4. d4 exd4 5. Nxd4 Bb4 6. Nxc6 bxc6 7. Bd3 0-0 8. 0-0 d5 9. exd5 cxd5 10. h3 c6 11. Qf3 h6 12. Bf4 Bd6 13. Ne2 Rb8 14. b3 Re8 15. Rad1 Bxf4 16. Nxf4 Qa5 17. c4 Qxa2 18. Ra1 Qb2 19. cxd5 cxd5 20. Rxa7 Qd4 21. Ra4 Qc5 22. Raa1 Be6 23. Rfe1 Qb6 24. Bc2 Rec8 25. Qd3 Ne4 26. Qe2 Qxf2+ 27. Qxf2 Nxf2 28. Nxe6 Rxc2 29. Nd4 Rb2 30. Re5 Rd8 31. Rf1 Nd3 32. Re7 Rf8 33. Rd7 Nc5 34. Rxd5 Nxb3 35. Rb5 Rd8 36. Rxb3 Rd2 37. Nf3 R2d7 38. Re3 Rc7 39. Kh2 Rb7 40. Re2 Rc7 41. Ref2 Re7 42. Nh4 Rd5 43. Nf5 Red7 44. Rf3 Kf8 45. Rg3 f6 46. Ne3 Re5 47. Ng4 Rg5 48. h4 Rh5 49. Rh3 Rd4 50. Ne3 Rdxh4 51. Rxh4 Rxh4+ 52. Kg3 Re4 1/2-1/2

[Event "EU-ch blitz (Women)"]
[Site "Monte Carlo"]
[Date "2017.10.23"]
[Round "3"]
[White "Gunina, Valentina"]
[Black "Turova, Irina"]
[Result "1/2-1/2"]
[WhiteElo "2502"]
[BlackElo "2422"]
[PlyCount "70"]
[EventDate "2017.10.23"]
[EventType "swiss (blitz)"]
[EventRounds "13"]
[EventCountry "MNC"]
[SourceTitle "CBM 181 Extra"]
[Source "ChessBase"]
[SourceDate "2017.12.12"]
[SourceVersion "1"]
[SourceVersionDate "2017.12.12"]
[SourceQuality "1"]

1. e4 e5 2. Nf3 Nc6 3. Bc4 Bc5 4. d3 Nf6 5. 0-0 d6 6. c3 a6 7. a4 h6 8. d4 Ba7 9. dxe5 dxe5 10. Qxd8+ Nxd8 11. Nxe5 Nxe4 12. Nd2 Nd6 13. Re1 0-0 14. Bb3 Bf5 15. Ndf3 Re8 16. Bf4 Ne6 17. Be3 Bxe3 18. Rxe3 Nc5 19. Bd1 a5 20. b4 axb4 21. cxb4 Ne6 22. Bb3 Be4 23. Nd2 Bf5 24. Rc1 Nd4 25. Bd1 c6 26. a5 N6b5 27. Ndc4 Be6 28. Nb6 Rad8 29. h3 Nf5 30. Re1 Rd2 31. a6 bxa6 32. Nxc6 Nfd4 33. Nxd4 Nxd4 34. Ra1 Rb2 35. Rxa6 Rxb4 1/2-1/2

[Event "NOR-chT 1415"]
[Site "Norway"]
[Date "2015.03.08"]
[Round "11"]
[White "Ostenstad, Berge"]
[Black "Turova, Irina"]
[Result "1/2-1/2"]
[WhiteElo "2464"]
[BlackElo "2424"]
[PlyCount "87"]
[EventDate "2014.10.31"]
[EventType "team-tourn"]
[EventRounds "11"]
[EventCountry "NOR"]
[SourceTitle "EXT 2016"]
[Source "ChessBase"]
[SourceDate "2015.10.08"]
[SourceVersion "1"]
[SourceVersionDate "2015.10.08"]
[SourceQuality "1"]
[WhiteTeam "Asker"]
[BlackTeam "Tromsoe"]
[WhiteTeamCountry "NOR"]
[BlackTeamCountry "NOR"]

1. d4 Nf6 2. c4 e6 3. Nf3 Bb4+ 4. Nbd2 b6 5. a3 Bxd2+ 6. Qxd2 Bb7 7. e3 0-0 8. Bd3 Ne4 9. Qc2 f5 10. b4 d6 11. 0-0 Nd7 12. Bb2 a5 13. d5 e5 14. Bxe4 fxe4 15. Qxe4 axb4 16. axb4 b5 17. Rxa8 Qxa8 18. Ra1 Qc8 19. cxb5 Nf6 20. Qc2 Bxd5 21. Ne1 Qb7 22. Qe2 Be6 23. f4 Qe4 24. fxe5 Bc4 25. Qd2 Ng4 26. Nf3 Nxe5 27. Bxe5 dxe5 28. Qc3 Bxb5 29. Qxe5 Qxe5 30. Nxe5 Re8 31. Nf3 Rxe3 32. Rc1 Re7 33. Nd4 Be8 34. Kf2 Rd7 35. Ke3 Kf7 36. Rc5 Kf6 37. Rf5+ Kg6 38. h4 Re7+ 39. Kf4 h6 40. Rc5 Rf7+ 41. Ke3 Re7+ 42. Kf4 Rf7+ 43. Ke3 Re7+ 44. Kf4 1/2-1/2